| 000 | 00938cam a2200193 4500 | ||
|---|---|---|---|
| 001 | ##WS135197 | ||
| 008 | 061004n 000 0 eng u | ||
| 035 | _a(Sirsi) u135197 | ||
| 041 | 0 | _aeng | |
| 110 | 1 |
_aUnited Kingdom _bHM Government _95056 |
|
| 245 | 0 | 0 |
_aFire gateway _bworkplace safety |
| 520 | _aWebsite aims to help businesses reduce fire risks in the workplace. Provides information on the Regulatory Reform (Fire Safety) Order 2005, suggests ways that businesses can create safer premises, and explains legal obligations. Also includes an online self-assessment form to check whether premises comply with the 2005 Order. | ||
| 590 | _aIKA171006 | ||
| 650 | 2 | 4 | _aREGULATORY REFORM (FIRE SAFETY) ORDER 2005 |
| 651 | 4 |
_aEngland and Wales _y1543- |
|
| 690 | _aMANAGEMENT-HEALTH AND SAFETY-FIRE SAFETY | ||
| 856 | 4 | 0 |
_uhttps://www.fire.gov.uk/Workplace+safety/ _zView the website free of charge at www.fire.gov.uk... |
| 942 | _n0 | ||
| 999 |
_c105943 _d105943 |
||